Pier Paolo Pasolini contra Eric Rohmer: cine de poesía contra cine de prosa

Na minha lista:
Detalhes bibliográficos
Formato: Livro
Idioma:espanhol
Publicado em: Barcelona Anagrama 1976
Edição:2a. ed
Colecção:Cuadernos Anagrama, 13
Assuntos:
Tags: Adicionar Tag
Sem tags, seja o primeiro a adicionar uma tag!

MARC

LEADER 00000cam a2200000 a 4500
001 UCC7781
003 CL-VaPUC
008 190505e19760000sp |||||||||||||||||spa|d
020 |a 8433903136 
082 0 4 |a 791.4309  |b PIE  |2 21 
245 1 0 |a Pier Paolo Pasolini contra Eric Rohmer: cine de poesía contra cine de prosa 
250 |a 2a. ed 
300 |a 90 p 
942 |c BK 
945 |d 20190505 21:05:00  |a dcastane 
260 |a Barcelona  |b Anagrama  |c 1976 
650 0 |a Directores de cine  |9 368705 
650 0 |a Biografías  |9 255210 
650 0 |a Cine italiano  |9 267409 
650 0 |a Crítica e interpretación   |9 255042 
583 |a last modification  |c 20190505 21:05:00  |k Rodrigo Vera 
490 0 |a Cuadernos Anagrama, 13 
999 |c 374330  |d 374328 
952 |0 0  |1 0  |3 erb  |4 0  |6 791_430900000000000_PIE_1976  |7 0  |8 A  |9 492834  |a BIBART  |b BIBART  |i 5545897  |o 791.4309 PIE 1976  |p 5545897  |r 2025-03-13  |w 2019-11-24  |y BK  |z Catalogado en:20190505  |k ART